| 000 | 00920nas a2200325 4500 | ||
|---|---|---|---|
| 001 | BR8503370 | ||
| 003 | BR-BrBNA | ||
| 005 | 20231205090246.0 | ||
| 007 | ta | ||
| 008 | 230509b bl.|||p| |||| 00| 00por d | ||
| 040 |
_aBR-BrBNA _bpor _cBiblioteca Nacional de Agricultura |
||
| 041 | _a(Pt) | ||
| 072 | _aH20 | ||
| 100 | 1 | _aSouza, S.M.C. de | |
| 245 | 1 | _aAbacaxi [doenca de planta] | |
| 650 | _aDOENCA DE PLANTA | ||
| 650 | _aFRUTA | ||
| 650 | _aABACAXI | ||
| 650 | _aCONTROLE QUIMICO | ||
| 650 | _aCONTROLE CULTURAL | ||
| 650 | _aFUSARIOSE | ||
| 650 | _aSINTOMA | ||
| 650 | _aPODRIDAO MOLE | ||
| 650 | _aPODRIDAO PARDA | ||
| 650 | _aFUNGO | ||
| 650 | _aPODRIDAO DA RAIZ | ||
| 773 | 0 |
_tInforme Agropecuario - Empresa de Pesquisa Agropecuaria de Minas Gerais (Brazil) _xISSN 0100-3364 _g(Mar 1985), v. 11(123) p. 6-9 _wBR8503370 |
|
| 909 |
_a202311 _bLúcia _c55 _dLúcia Elande |
||
| 942 |
_2AGRIS _n0 _cANA |
||
| 999 |
_c117187 _d117187 |
||